| 000 | 00760nam a2200253Ia 4500 | ||
|---|---|---|---|
| 003 | OSt | ||
| 005 | 20220928102223.0 | ||
| 006 | a|||||r|||| 00| 0 | ||
| 007 | ta | ||
| 008 | 220927b |||||||| |||| 00| 0 eng d | ||
| 020 | _c5433.3999999999996 | ||
| 024 | _a107351 | ||
| 037 |
_b495, 15/01/2010, Pioneer Book Distributors _cTextual |
||
| 040 |
_aSDCL _cSDCL _beng |
||
| 041 |
_2eng _aeng |
||
| 082 | _aWxC57, P6 | ||
| 100 |
_aCormack Michael _9397208 |
||
| 245 | 0 |
_aPlato's stepping stones _b Degrees of moral virtue |
|
| 260 |
_aLondon _bContinuum _c2006 |
||
| 300 |
_a148p. _ccm. |
||
| 650 | _aPhilosophy | ||
| 942 |
_hWxC57, P6 _cTEXL _2CC |
||
| 999 |
_c712998 _d712998 |
||